| 000 | 00599cab a22001935a 4500 | ||
|---|---|---|---|
| 001 | L151700 | ||
| 008 | 101202s2010 xxk f s 000 0 eng d | ||
| 035 | _a(Sirsi) u151700 | ||
| 041 | 0 | _aeng | |
| 100 | 1 | _aGrace, Phil | |
| 245 | 0 | 0 |
_aWorking at height _ba deadly business |
| 260 | _c2010 | ||
| 490 | 0 |
_aBuilding Engineer _v85(12) December 2010, 17(1) |
|
| 520 | _aFalls from height are the biggest cause of fatalities in the construction sector; examines the risks and safer systems. | ||
| 590 | _aKA | ||
| 651 | 4 |
_aEngland and Wales _y1543- |
|
| 690 |
_aHealth and safety _96244 |
||
| 942 | _n0 | ||
| 999 |
_c82843 _d82843 |
||